Ved-mimamsa (v.1)/ (Record no. 49548)

000 -LEADER
fixed length control field 00351nam a22001571a 4500
082 ## - DEWEY DECIMAL CLASSIFICATION NUMBER
Classification number H 294.592 1
Item number ANI/V
100 ## - MAIN ENTRY--AUTHOR NAME
Personal name Anirvan
245 ## - TITLE STATEMENT
Title Ved-mimamsa (v.1)/
Statement of responsibility, etc by Anirvan
260 ## - PUBLICATION, DISTRIBUTION, ETC. (IMPRINT)
Place of publication Delhi:
Name of publisher Nag,
Year of publication 2003.
300 ## - PHYSICAL DESCRIPTION
Number of Pages 443
650 ## - SUBJECT ADDED ENTRY--TOPICAL TERM
Topical Term Vedic Literature
650 ## - SUBJECT ADDED ENTRY--TOPICAL TERM
Topical Term Hinduism
650 ## - SUBJECT ADDED ENTRY--TOPICAL TERM
Topical Term Religion
700 ## - ADDED ENTRY--PERSONAL NAME
Personal name Chavinath Misra
942 ## - ADDED ENTRY ELEMENTS (KOHA)
Koha item type Book
Holdings
Withdrawn status Lost status Damaged status Not for loan Permanent Location Current Location Date acquired Cost, normal purchase price Full call number Accession Number Cost, replacement price Price effective from Koha item type
        Sree Sankaracharya University of Sanskrit Sree Sankaracharya University of Sanskrit 08.01.2015 220.00 H 294.592 1 ANI/V 049228 0.00 08.01.2015 Book